[Event "Olimpiade 2022 - Open"]
[Site "Chennai"]
[Date "03.08.2022"]
[Round "6.6"]
[Board "1"]
[White "Giri, Anish"]
[Black "Jobava, Baadur"]
[Result "1-0"]
[WhiteTitle "GM"]
[BlackTitle "GM"]
[WhiteElo "2760"]
[BlackElo "2585"]
[WhiteTeam "Netherlands"]
[BlackTeam "Georgia"]
[WhiteFideId "24116068"]
[BlackFideId "13601520"]
[EventDate "2022.07.29"]

1. d4 Nf6 2. c4 c5 3. d5 g6 4. Nc3 Bg7 5. e4 d6 6. Nf3 O-O 7. Be2 e6 8. O-O exd5
9. exd5 Bg4 10. h3 Bxf3 11. Bxf3 Nbd7 12. Bf4 Ne8 13. Qd2 Ne5 14. Be2 f5 15.
Rfe1 Nf7 16. Rab1 g5 17. Bh2 Be5 18. Bh5 Bxh2+ 19. Kxh2 Ng7 20. Bxf7+ Rxf7 21.
Re6 Nxe6 22. dxe6 Rg7 23. Nd5 g4 24. Re1 Rg6 25. Qf4 gxh3 26. g3 Rc8 27. Qxf5
Qf8 28. Qxf8+ Kxf8 29. f4 Re8 30. f5 Rg5 31. Rf1 Rg4 32. Rf4 1-0

[Event "Olimpiade 2022 - Open"]
[Site "Chennai"]
[Date "03.08.2022"]
[Round "6.6"]
[Board "2"]
[White "Mchedlishvili, Mikheil"]
[Black "Van Foreest, Jorden"]
[Result "0-1"]
[WhiteTitle "GM"]
[BlackTitle "GM"]
[WhiteElo "2593"]
[BlackElo "2678"]
[WhiteTeam "Georgia"]
[BlackTeam "Netherlands"]
[WhiteFideId "13600966"]
[BlackFideId "1039784"]
[EventDate "2022.07.29"]

1. Nf3 d5 2. c4 d4 3. b4 c5 4. b5 Nf6 5. g3 Qc7 6. Bg2 e5 7. d3 Bd6 8. O-O O-O
9. a4 Bf5 10. e4 dxe3 11. Bxe3 a5 12. Nc3 Nbd7 13. Nh4 Bg4 14. Qc2 Rad8 15. h3
Be6 16. Nf3 h6 17. Nd2 Qc8 18. g4 Rfe8 19. Rad1 Nf8 20. b6 Ng6 21. Nb5 h5 22.
Ne4 Nxe4 23. dxe4 Bb8 24. f3 Rd4 25. Nxd4 exd4 26. Bd2 hxg4 27. hxg4 Nf4 28.
Bxa5 Qd8 29. Rfe1 Be5 30. Bf1 g6 31. Bd2 Kg7 32. Bxf4 Bxf4 33. e5 Rh8 34. Re4
Qh4 35. Bg2 Be3+ 36. Rxe3 dxe3 37. Qe2 Qh2+ 38. Kf1 Qf4 39. Rc1 Rd8 40. Rc3 Qg3
41. Rc2 Bxc4 42. Rxc4 Rd1+ 0-1

[Event "Olimpiade 2022 - Open"]
[Site "Chennai"]
[Date "03.08.2022"]
[Round "6.6"]
[Board "3"]
[White "Bok, Benjamin"]
[Black "Paichadze, Luka"]
[Result "1/2-1/2"]
[WhiteTitle "GM"]
[BlackTitle "GM"]
[WhiteElo "2616"]
[BlackElo "2561"]
[WhiteTeam "Netherlands"]
[BlackTeam "Georgia"]
[WhiteFideId "1017063"]
[BlackFideId "13602934"]
[EventDate "2022.07.29"]

1. d4 Nf6 2. c4 e6 3. Nf3 b6 4. g3 Bb7 5. Bg2 Bb4+ 6. Bd2 Bxd2+ 7. Qxd2 O-O 8.
Nc3 d6 9. d5 e5 10. O-O a5 11. Ne1 Na6 12. Nc2 Nc5 13. b3 Qe7 14. Rab1 Ne8 15.
e4 g6 16. a3 Ng7 17. b4 Nd7 18. Ne3 f5 19. exf5 gxf5 20. f4 exf4 21. gxf4 axb4
22. axb4 Nf6 23. Rbe1 Qf7 24. Qd3 Nfh5 25. Nb5 Rae8 26. Qd2 Re7 27. Nd4 Qf6 28.
Nec2 Rfe8 29. Rxe7 Rxe7 30. Re1 Bc8 31. Rxe7 Qxe7 32. Ne2 Bd7 33. Qe3 Qh4 34.
Qf2 Qf6 35. Qd4 Qd8 36. Qe3 Kf7 37. b5 Qh4 38. Qf2 Qf6 39. Qd4 Qg6 40. Qe3 Nf6
41. Qg3 Qh6 42. h3 Ngh5 43. Qe3 Ne4 44. Ncd4 Nhf6 45. Ne6 Bxe6 46. dxe6+ Ke7 47.
Nd4 Qh5 48. Qe1 Ke8 49. Qa1 Ke7 50. Qe1 h6 51. Qe3 Ke8 52. Qe1 Nc5 53. Qa1 Kf8
54. Nc6 Qh4 55. e7+ Kf7 56. Qa8 Ne6 57. Bd5 Qe1+ 58. Kg2 Qe2+ 59. Kg1 Qe1+ 60.
Kg2 Qd2+ 61. Kg1 Qe1+ 1/2-1/2

[Event "Olimpiade 2022 - Open"]
[Site "Chennai"]
[Date "03.08.2022"]
[Round "6.6"]
[Board "4"]
[White "Gelashvili, Tamaz"]
[Black "Warmerdam, Max"]
[Result "1-0"]
[WhiteTitle "GM"]
[BlackTitle "GM"]
[WhiteElo "2549"]
[BlackElo "2610"]
[WhiteTeam "Georgia"]
[BlackTeam "Netherlands"]
[WhiteFideId "13600702"]
[BlackFideId "1048104"]
[EventDate "2022.07.29"]

1. Nf3 Nf6 2. e3 g6 3. b4 Bg7 4. Bb2 d6 5. c4 O-O 6. d3 a5 7. b5 e5 8. Nc3 Nbd7
9. Be2 Re8 10. O-O b6 11. Nd2 Bb7 12. Bf3 Bxf3 13. Qxf3 Nc5 14. e4 Nfd7 15. Rad1
Rf8 16. Qe2 Ne6 17. Nd5 Nf6 18. g3 Nxd5 19. cxd5 Nc5 20. f4 Qd7 21. Nc4 exf4 22.
Bxg7 Kxg7 23. d4 Nb7 24. Rxf4 Qxb5 25. Rdf1 f6 26. Qc2 Rf7 27. a4 Qe8 28. e5
dxe5 29. dxe5 f5 30. e6 Rf6 31. Ne5 Qe7 32. Nd7 Nc5 33. Nxf6 Qxf6 34. g4 Rd8 35.
gxf5 g5 36. Qg2 h5 37. Rh4 1-0

[Event "Olimpiade 2022 - Open"]
[Site "Chennai"]
[Date "03.08.2022"]
[Round "6.7"]
[Board "2"]
[White "Lodici, Lorenzo"]
[Black "Svane, Rasmus"]
[Result "1/2-1/2"]
[WhiteTitle "GM"]
[BlackTitle "GM"]
[WhiteElo "2553"]
[BlackElo "2649"]
[WhiteTeam "Italy"]
[BlackTeam "Germany"]
[WhiteFideId "884189"]
[BlackFideId "4657101"]
[EventDate "2022.07.29"]

1. d4 Nf6 2. c4 e6 3. Nf3 d5 4. Nc3 Be7 5. Bf4 O-O 6. e3 Nbd7 7. h3 c5 8. dxc5
Nxc5 9. cxd5 Nxd5 10. Nxd5 exd5 11. Be5 Ne6 12. Bc3 Bf6 13. Qd2 Bxc3 14. Qxc3 d4
15. Nxd4 Nxd4 16. Qxd4 Qxd4 17. exd4 Be6 18. b3 Rfd8 19. O-O-O Rd6 20. Be2 Rad8
21. Bf3 b6 22. d5 Bxd5 23. Bxd5 Rxd5 24. Rxd5 Rxd5 25. Rd1 Rxd1+ 26. Kxd1 Kf8
27. Kd2 Ke7 28. Kd3 Kd6 29. Kd4 f6 30. h4 f5 31. h5 g6 32. hxg6 hxg6 33. f4 Ke6
34. Kc4 a6 35. b4 Kd6 36. a4 Kc6 37. a5 bxa5 38. bxa5 Kd6 39. Kd4 Kc6 40. Ke5
Kb5 41. Kf6 Kxa5 42. Kxg6 Kb4 43. Kxf5 a5 44. Kg6 a4 45. f5 a3 46. f6 a2 47. f7
a1=Q 48. f8=Q+ Kc4 49. Qc8+ Kd3 50. g4 Qd4 51. Qe6 Kc2 52. g5 Kb1 53. Qf5+ Ka2
54. Kh7 Qa7+ 55. Kg8 Qb8+ 56. Kg7 Qb2+ 57. Qf6 Qc2 58. g6 Kb1 59. Qb6+ Ka2 60.
Kf6 Qc3+ 61. Kf7 Qf3+ 62. Ke7 Qa3+ 63. Kf7 Qf3+ 64. Qf6 Qb7+ 65. Kg8 Qb3+ 66.
Kg7 Qd3 67. Qe6+ Kb1 68. Kh7 Kb2 69. Kg8 Qd8+ 70. Kf7 Qc7+ 71. Qe7 Qc4+ 72. Kf6
Qh4+ 73. Kf7 Qc4+ 74. Kf8 Qc8+ 75. Kg7 Qc4 76. Kh6 Qf4+ 77. Kh7 Qh2+ 78. Kg7 Qc2
79. Qb4+ Ka2 80. Qa5+ Kb1 81. Qe1+ Kb2 82. Qe5+ Kb1 83. Qb5+ Ka2 84. Qa6+ Kb1
85. Qb6+ Ka2 86. Qe6+ Kb1 87. Kg8 Qd3 88. g7 Qd8+ 89. Kh7 Qc7 90. Qe4+ Ka2 91.
Qd5+ Ka1 92. Kg6 Qg3+ 93. Kf6 Qf4+ 94. Ke6 Qg4+ 95. Kf7 Qf4+ 96. Ke8 Qb8+ 97.
Ke7 Qc7+ 98. Qd7 Qe5+ 99. Kf8 Qf4+ 100. Kg8 Qc4+ 101. Kh7 Qh4+ 102. Kg6 Qg3+
103. Kh5 Qe5+ 104. Kg4 Qe4+ 105. Kh5 Qe5+ 106. Kh4 Qe1+ 107. Kh5 Qe5+ 1/2-1/2

[Event "Olimpiade 2022 - Open"]
[Site "Chennai"]
[Date "03.08.2022"]
[Round "6.7"]
[Board "3"]
[White "Nisipeanu, Liviu-Dieter"]
[Black "Sonis, Francesco"]
[Result "1-0"]
[WhiteTitle "GM"]
[BlackTitle "GM"]
[WhiteElo "2642"]
[BlackElo "2543"]
[WhiteTeam "Germany"]
[BlackTeam "Italy"]
[WhiteFideId "1202758"]
[BlackFideId "895733"]
[EventDate "2022.07.29"]

1. d4 Nf6 2. c4 e6 3. Nc3 Bb4 4. e3 O-O 5. Bd3 d5 6. Nf3 c5 7. O-O dxc4 8. Bxc4
cxd4 9. exd4 b6 10. Qa4 Be7 11. Rd1 Bb7 12. Ne5 Qe8 13. Bb5 Qc8 14. Bf4 a6 15.
Bf1 b5 16. Qb3 Nc6 17. Rac1 Qe8 18. Ne2 Rd8 19. Qh3 Nd5 20. Bd2 Bd6 21. Nxc6
Bxc6 22. Nc3 Nf4 23. Qh4 Ng6 24. Qh5 Be7 25. Be3 f5 26. d5 exd5 27. Bb6 Rb8 28.
Bd4 Qd7 29. g3 b4 30. Ne2 Bf6 31. Bxf6 Rxf6 32. Nd4 Bb7 33. Bh3 Ne7 34. Re1 Rbf8
35. Qe2 Nc6 36. Qd3 Nxd4 37. Qxd4 Qd6 38. Rc5 Kh8 39. Rec1 Qb6 40. Qf4 h6 41.
Bg2 Rd8 42. Rc7 Bc6 43. Re1 Rfd6 44. Ree7 R6d7 45. Qe5 Rxe7 46. Rxe7 Rg8 47. Re6
Kh7 48. Bxd5 1-0

[Event "Olimpiade 2022 - Open"]
[Site "Chennai"]
[Date "03.08.2022"]
[Round "6.7"]
[Board "4"]
[White "Brunello, Sabino"]
[Black "Kollars, Dmitrij"]
[Result "1/2-1/2"]
[WhiteTitle "GM"]
[BlackTitle "GM"]
[WhiteElo "2520"]
[BlackElo "2648"]
[WhiteTeam "Italy"]
[BlackTeam "Germany"]
[WhiteFideId "813613"]
[BlackFideId "12909572"]
[EventDate "2022.07.29"]

1. e4 e5 2. Nf3 Nc6 3. Bb5 a6 4. Ba4 Nf6 5. O-O b5 6. Bb3 Bc5 7. a4 Rb8 8. c3 d6
9. d4 Bb6 10. a5 Ba7 11. h3 Bb7 12. Be3 Nxe4 13. Re1 exd4 14. cxd4 Ne7 15. Nc3
d5 16. Nxe4 dxe4 17. Ng5 Bd5 18. Nxe4 O-O 19. Nc5 Bxc5 20. dxc5 Bxb3 21. Qxb3
Qd5 22. Qc2 Qc6 23. Rad1 Nd5 24. Bg5 f6 25. Bh4 Rbe8 26. Re4 g5 27. Bg3 Nf4 28.
f3 Rxe4 29. fxe4 Ne6 30. b4 Rd8 31. Rxd8+ Nxd8 32. Qd3 Qe8 33. Bxc7 Nc6 34. Bg3
Qe6 35. Be1 Kf7 36. Bc3 h5 37. Kf2 Ne7 38. Qf3 Kg6 39. Qd3 Kf7 40. Qf3 Kg6 41.
g4 hxg4 42. hxg4 Kf7 43. e5 f5 44. gxf5 Qxf5 45. Qxf5+ Nxf5 46. c6 Ke6 47. Kf3
Ne7 48. c7 Kd7 49. Bd4 Kxc7 50. Bc5 Kd7 51. Kg4 Nc6 52. Kf5 Nd8 53. Kxg5 Ne6+
54. Kf6 Nc7 55. Kf7 Ne6 56. Be3 Nd8+ 57. Kf6 Ne6 58. Kf5 Nc7 59. Bc5 Ne6 60. Bd6
Ng7+ 61. Ke4 Kc6 62. Bc5 Ne6 63. Bb6 Ng7 64. Be3 Ne6 65. Kf5 Kd7 66. Kf6 Nd8 67.
Bd2 1/2-1/2

[Event "Olimpiade 2022 - Open"]
[Site "Chennai"]
[Date "03.08.2022"]
[Round "6.8"]
[Board "1"]
[White "Adams, Michael"]
[Black "Ragger, Markus"]
[Result "1/2-1/2"]
[WhiteTitle "GM"]
[BlackTitle "GM"]
[WhiteElo "2696"]
[BlackElo "2647"]
[WhiteTeam "England"]
[BlackTeam "Austria"]
[WhiteFideId "400041"]
[BlackFideId "1610856"]
[EventDate "2022.07.29"]

1. e4 e5 2. Nf3 Nc6 3. Bb5 Nf6 4. d3 Bc5 5. Bxc6 dxc6 6. O-O Bg4 7. h3 Bh5 8.
Be3 Bxe3 9. fxe3 Nd7 10. Nbd2 Qe7 11. Qe1 O-O-O 12. Qh4 Qxh4 13. Nxh4 Rdg8 14.
g4 Bg6 15. g5 f6 16. gxf6 gxf6 17. Kh2 Kd8 18. Rf2 Bf7 19. Ndf3 Be6 20. Rd1 Re8
21. d4 Kc8 22. dxe5 fxe5 23. Ng5 Nc5 24. Nxe6 Rxe6 25. Rf7 Rd6 26. Rg1 Rd2+ 27.
Rg2 Nxe4 28. Rxd2 Nxd2 29. Nf5 Nc4 30. b3 Nd6 31. Nxd6+ cxd6 32. c4 d5 33. cxd5
cxd5 34. Re7 d4 35. Rxe5 dxe3 1/2-1/2

[Event "Olimpiade 2022 - Open"]
[Site "Chennai"]
[Date "03.08.2022"]
[Round "6.8"]
[Board "2"]
[White "Dragnev, Valentin"]
[Black "McShane, Luke J"]
[Result "1/2-1/2"]
[WhiteTitle "GM"]
[BlackTitle "GM"]
[WhiteElo "2557"]
[BlackElo "2649"]
[WhiteTeam "Austria"]
[BlackTeam "England"]
[WhiteFideId "1634852"]
[BlackFideId "404853"]
[EventDate "2022.07.29"]

1. e4 e5 2. Nf3 Nc6 3. Bb5 Nf6 4. d3 Bc5 5. c3 O-O 6. O-O d6 7. h3 Bb6 8. Re1
Ne7 9. d4 Ng6 10. Bd3 c6 11. Nbd2 Re8 12. Nf1 Nh5 13. Bc2 Nhf4 14. Ng3 Be6 15.
Be3 Bc7 16. Nf5 d5 17. dxe5 dxe4 18. Bxe4 Nxe5 19. N3d4 Bxf5 20. Bxf4 Bg6 21.
Bxg6 hxg6 22. Qb3 Qf6 23. Bxe5 Bxe5 24. Nf3 b6 25. Nxe5 Rxe5 26. Rxe5 Qxe5 27.
Qc2 Re8 28. Rd1 c5 29. Qd2 g5 30. c4 g6 31. b3 Kg7 32. a4 a5 33. Qd6 Qe2 34. Qd2
Qe5 35. Qd6 Qe2 36. Qd2 1/2-1/2

[Event "Olimpiade 2022 - Open"]
[Site "Chennai"]
[Date "03.08.2022"]
[Round "6.8"]
[Board "3"]
[White "Howell, David W L"]
[Black "Blohberger, Felix"]
[Result "1-0"]
[WhiteTitle "GM"]
[BlackTitle "GM"]
[WhiteElo "2650"]
[BlackElo "2492"]
[WhiteTeam "England"]
[BlackTeam "Austria"]
[WhiteFideId "410608"]
[BlackFideId "1632051"]
[EventDate "2022.07.29"]

1. e4 e5 2. Nf3 Nc6 3. Bc4 Nf6 4. d3 Bc5 5. O-O d6 6. c3 a5 7. Re1 Ba7 8. Bb3 h6
9. Na3 O-O 10. h3 Re8 11. Nc4 b5 12. Ne3 a4 13. Bc2 Ne7 14. Nh4 Bxe3 15. Bxe3 g5
16. Nf3 Ng6 17. d4 Qe7 18. Nh2 c5 19. Qd2 Bb7 20. f3 Rad8 21. Qf2 Rc8 22. Rad1
Qc7 23. Rd2 Kg7 24. Nf1 Nh5 25. Red1 cxd4 26. cxd4 Ngf4 27. Bb1 d5 28. exd5 Nxd5
29. dxe5 Nxe3 30. Nxe3 Qxe5 31. Nf5+ Kf8 32. Nd6 Nf4 33. Be4 Bxe4 34. fxe4 Red8
35. Nxc8 Rxc8 36. Rd8+ Rxd8 37. Rxd8+ Kg7 38. Kh1 a3 39. bxa3 Qa1+ 40. Kh2 Kg6
41. g3 Ne6 42. Rg8+ 1-0

[Event "Olimpiade 2022 - Open"]
[Site "Chennai"]
[Date "03.08.2022"]
[Round "6.8"]
[Board "4"]
[White "Horvath, Dominik"]
[Black "Jones, Gawain C B"]
[Result "1-0"]
[WhiteTitle "IM"]
[BlackTitle "GM"]
[WhiteElo "2488"]
[BlackElo "2652"]
[WhiteTeam "Austria"]
[BlackTeam "England"]
[WhiteFideId "1642561"]
[BlackFideId "409561"]
[EventDate "2022.07.29"]

1. e4 e5 2. Nf3 Nc6 3. Bb5 a6 4. Ba4 Nf6 5. O-O d6 6. Re1 Bd7 7. c3 g6 8. h3 Bh6
9. d4 Bxc1 10. Qxc1 Qe7 11. b4 Nh5 12. Qh6 f6 13. Nbd2 Nf4 14. g3 Nxh3+ 15. Kg2
Ng5 16. Nxg5 fxg5 17. Bxc6 Bxc6 18. a4 Qf6 19. b5 Bd7 20. f3 Rf8 21. bxa6 Rxa6
22. a5 Rc6 23. Reb1 Rf7 24. Rxb7 Rxc3 25. Rb2 exd4 26. a6 Ke7 27. a7 Bc6 28.
a8=Q Bxa8 29. Rxa8 g4 30. f4 Re3 31. Nc4 Rxe4 32. Rb7 Ke6 33. Re8+ Re7 34. Rxe7+
Qxe7 35. Qh1 d3 36. Qc1 Re2+ 37. Kf1 Kf5 38. Rxc7 Re1+ 39. Qxe1 Qxc7 40. Ne3+
Ke6 41. Nxg4+ Kf7 42. Nf2 Qc2 43. Qd1 Qxd1+ 44. Nxd1 g5 45. Nf2 gxf4 46. gxf4
Kf6 47. Nxd3 Kf5 48. Kf2 d5 49. Kf3 h5 50. Ne1 Kg6 51. Nc2 Kf5 52. Nd4+ Kf6 53.
Kg3 Kf7 54. Kh4 Kg6 55. f5+ 1-0

[Event "Olimpiade 2022 - Open"]
[Site "Chennai"]
[Date "03.08.2022"]
[Round "6.9"]
[Board "1"]
[White "Georgiadis, Nico"]
[Black "Moussard, Jules"]
[Result "1/2-1/2"]
[WhiteTitle "GM"]
[BlackTitle "GM"]
[WhiteElo "2578"]
[BlackElo "2672"]
[WhiteTeam "Switzerland"]
[BlackTeam "France"]
[WhiteFideId "1300113"]
[BlackFideId "642908"]
[EventDate "2022.07.29"]

1. e4 c5 2. Nf3 d6 3. d4 cxd4 4. Nxd4 Nf6 5. Nc3 a6 6. Be3 e5 7. Nf3 Be7 8. Bc4
O-O 9. O-O Nc6 10. Bb3 h6 11. Nh4 Na5 12. Ng6 Nxb3 13. Bb6 Qxb6 14. Nxe7+ Kh8
15. Ned5 Nxd5 16. Nxd5 Qd8 17. axb3 f5 18. exf5 Bxf5 19. Qd2 Rc8 20. c3 Be6 21.
b4 Qh4 22. Rad1 Rf5 23. g3 Qh3 24. Ne3 Rh5 25. f4 Bb3 26. Rde1 exf4 27. Rxf4 Re8
28. Ng4 Rxe1+ 29. Qxe1 Bg8 30. Qf1 Qxf1+ 31. Kxf1 Be6 32. h4 Kg8 33. Ne3 Re5 34.
Kf2 g5 35. hxg5 hxg5 36. Rd4 d5 37. Rd1 Kg7 38. Kf3 Kf6 39. Rd2 Kg7 40. Rd4 Kf6 1/2-1/2

[Event "Olimpiade 2022 - Open"]
[Site "Chennai"]
[Date "03.08.2022"]
[Round "6.9"]
[Board "2"]
[White "Fressinet, Laurent"]
[Black "Bogner, Sebastian"]
[Result "1/2-1/2"]
[WhiteTitle "GM"]
[BlackTitle "GM"]
[WhiteElo "2631"]
[BlackElo "2545"]
[WhiteTeam "France"]
[BlackTeam "Switzerland"]
[WhiteFideId "608742"]
[BlackFideId "4692055"]
[EventDate "2022.07.29"]

1. d4 Nf6 2. c4 e6 3. g3 Bb4+ 4. Bd2 Be7 5. Bg2 d5 6. Nf3 Nbd7 7. Qc2 c6 8. O-O
O-O 9. Bf4 b6 10. Nbd2 Nh5 11. e3 Bb7 12. cxd5 cxd5 13. Bc7 Qe8 14. Rfc1 Nb8 15.
Bf1 Na6 16. Qb3 Nxc7 17. Rxc7 Bc8 18. Rac1 Bd6 19. Bb5 Qd8 20. R7c3 Nf6 21. Qa4
a6 22. Ne5 Qe7 23. a3 h5 24. Bd3 Bb7 25. Qb3 b5 26. Nc6 Bxc6 27. Rxc6 g6 28. Nf3
Kg7 29. Qc2 Rfd8 30. Kg2 Qb7 31. Ne5 Ng4 32. Nf3 Qe7 33. h3 Nf6 34. Ne5 Qe8 35.
f4 Ng8 36. Qf2 Rac8 37. Rxc8 1/2-1/2

[Event "Olimpiade 2022 - Open"]
[Site "Chennai"]
[Date "03.08.2022"]
[Round "6.9"]
[Board "3"]
[White "Pelletier, Yannick"]
[Black "Cornette, Matthieu"]
[Result "1/2-1/2"]
[WhiteTitle "GM"]
[BlackTitle "GM"]
[WhiteElo "2551"]
[BlackElo "2551"]
[WhiteTeam "Switzerland"]
[BlackTeam "France"]
[WhiteFideId "1301837"]
[BlackFideId "620084"]
[EventDate "2022.07.29"]

1. d4 Nf6 2. c4 e6 3. Nf3 d5 4. Nc3 Bb4 5. Bg5 h6 6. Bxf6 Qxf6 7. Qb3 c5 8. cxd5
exd5 9. e3 O-O 10. dxc5 Bxc3+ 11. Qxc3 Qxc3+ 12. bxc3 Nd7 13. Rd1 Nxc5 14. Rxd5
b6 15. Rd4 Be6 16. c4 Rac8 17. Be2 Rc7 18. Kd2 Rfc8 19. Rb1 Nb7 20. Kc3 Na5 21.
Nd2 Nc6 22. Rd6 Na5 23. Rd4 Nc6 24. Rd6 Na5 25. Rb4 Kf8 26. Ra4 Ke7 27. Rd4 Nc6
28. Re4 f5 29. Rh4 a5 30. Kb2 Ne5 31. Rd4 Nc6 32. Rh4 Ne5 33. Rd4 Nc6 1/2-1/2

[Event "Olimpiade 2022 - Open"]
[Site "Chennai"]
[Date "03.08.2022"]
[Round "6.9"]
[Board "4"]
[White "Lagarde, Maxime"]
[Black "Kurmann, Oliver"]
[Result "1-0"]
[WhiteTitle "GM"]
[BlackTitle "IM"]
[WhiteElo "2631"]
[BlackElo "2463"]
[WhiteTeam "France"]
[BlackTeam "Switzerland"]
[WhiteFideId "662399"]
[BlackFideId "1308173"]
[EventDate "2022.07.29"]

1. e4 c5 2. Nf3 Nc6 3. Bb5 Nf6 4. Bxc6 dxc6 5. d3 g6 6. h3 Bg7 7. a4 a5 8. Be3
b6 9. Qc1 h6 10. Na3 Ba6 11. O-O g5 12. e5 Nd5 13. c4 Nxe3 14. Qxe3 Qc7 15. Nc2
Bc8 16. d4 cxd4 17. Ncxd4 c5 18. Nb5 Qc6 19. Rad1 Be6 20. b3 O-O 21. h4 g4 22.
Ne1 Rad8 23. Nd3 Bf5 24. Nc3 e6 25. Nf4 Qc7 26. Rde1 Qd7 27. Qg3 Qd4 28. Nh5 Bh8
29. Re3 Kh7 30. Rd1 Qxd1+ 31. Nxd1 Rxd1+ 32. Kh2 Rfd8 33. Nf6+ Bxf6 34. exf6 Kg6
35. Qe5 R8d6 36. f3 gxf3 37. Rxf3 R6d3 38. h5+ Kg5 39. Rf2 Rd4 40. Qe3+ Kxh5 41.
Rf4 Kg6 42. Rxd4 cxd4 43. Qe2 Rc1 44. g4 Bb1 45. Qe5 Rc2+ 46. Kg3 d3 47. Qe1 Rb2
48. Qe4+ 1-0

[Event "Olimpiade 2022 - Open"]
[Site "Chennai"]
[Date "03.08.2022"]
[Round "6.10"]
[Board "1"]
[White "Ganguly, Surya Shekhar"]
[Black "Stremavicius, Titas"]
[Result "1/2-1/2"]
[WhiteTitle "GM"]
[BlackTitle "GM"]
[WhiteElo "2608"]
[BlackElo "2532"]
[WhiteTeam "India 3"]
[BlackTeam "Lithuania"]
[WhiteFideId "5002150"]
[BlackFideId "12804444"]
[EventDate "2022.07.29"]

1. e4 c5 2. Nf3 Nc6 3. d4 cxd4 4. Nxd4 e5 5. Ne2 Bc5 6. Ng3 d6 7. Nc3 Qf6 8. Qd2
Nge7 9. Nd5 Nxd5 10. exd5 Nd4 11. c3 Nf5 12. Ne4 Qg6 13. h4 Ne7 14. f3 h5 15.
Bb5+ Bd7 16. Bxd7+ Kxd7 17. Qe2 Rhc8 18. Rh3 f6 19. Rg3 Qf7 20. Qb5+ Kc7 21. b4
Bb6 22. Qc4+ Kd7 23. Qb5+ Kc7 24. a4 a6 25. Qd3 f5 26. a5 Ba7 27. Nc5 dxc5 28.
d6+ Kd7 29. dxe7+ Kxe7 30. Bg5+ Kf8 31. Bh6 Rd8 32. Bxg7+ Qxg7 33. Qxf5+ Qf7 34.
Qg5 Rd6 35. Rd1 Rad8 36. Qxd8+ Rxd8 37. Rxd8+ Ke7 38. Ra8 cxb4 39. Rxa7 Kf6 40.
cxb4 Qe7 41. Ra8 Qxb4+ 42. Kf1 Qxh4 43. Rf8+ Ke7 44. Rfg8 Kd6 45. R3g6+ Kc5 46.
Rc8+ Kd5 47. Rb6 Qh1+ 1/2-1/2

[Event "Olimpiade 2022 - Open"]
[Site "Chennai"]
[Date "03.08.2022"]
[Round "6.10"]
[Board "2"]
[White "Juksta, Karolis"]
[Black "Sethuraman, S.P."]
[Result "0-1"]
[WhiteTitle "FM"]
[BlackTitle "GM"]
[WhiteElo "2412"]
[BlackElo "2623"]
[WhiteTeam "Lithuania"]
[BlackTeam "India 3"]
[WhiteFideId "12809039"]
[BlackFideId "5021596"]
[EventDate "2022.07.29"]

1. d4 Nf6 2. c4 e6 3. Nc3 Bb4 4. a3 Bxc3+ 5. bxc3 c5 6. f3 d6 7. e4 Nc6 8. Ne2
b6 9. Bg5 h6 10. Bh4 O-O 11. Qc2 Qe7 12. f4 e5 13. d5 Na5 14. f5 Ba6 15. Bxf6
Qxf6 16. h4 h5 17. Ng3 Qh6 18. Qf2 g6 19. Be2 Bxc4 20. O-O b5 21. Kh2 Bxe2 22.
Qxe2 Nc4 23. Rf2 Kh8 24. Rg1 Qe3 25. Qa2 Rg8 26. Rf3 Qd2 27. Qb1 Nxa3 28. Qf1
Nc4 29. fxg6 Rxg6 30. Rxf7 Rag8 31. Qf3 Qe3 32. Nxh5 Qxf3 33. Rxf3 Nd2 34. Rf7
Nxe4 35. Kh3 Rh6 36. Re1 Ng5+ 37. hxg5 Rxh5+ 38. Kg3 Rgxg5+ 39. Kf3 Rf5+ 40.
Rxf5 Rxf5+ 41. Ke3 Rf4 42. Rb1 a6 0-1

[Event "Olimpiade 2022 - Open"]
[Site "Chennai"]
[Date "03.08.2022"]
[Round "6.10"]
[Board "3"]
[White "Gupta, Abhijeet"]
[Black "Pultinevicius, Paulius"]
[Result "1-0"]
[WhiteTitle "GM"]
[BlackTitle "GM"]
[WhiteElo "2627"]
[BlackElo "2539"]
[WhiteTeam "India 3"]
[BlackTeam "Lithuania"]
[WhiteFideId "5010608"]
[BlackFideId "12809390"]
[EventDate "2022.07.29"]

1. d4 Nf6 2. c4 e6 3. Nc3 d5 4. cxd5 exd5 5. Bg5 c6 6. Qc2 h6 7. Bh4 Be7 8. e3
O-O 9. Bd3 Re8 10. Nge2 a5 11. O-O Na6 12. a3 Nc7 13. Rad1 Ne6 14. Kh1 b5 15. f3
Ng5 16. Bxg5 hxg5 17. e4 b4 18. Na4 bxa3 19. e5 Nh5 20. bxa3 Bxa3 21. f4 Bg4 22.
Bh7+ Kh8 23. Bf5 Bxe2 24. Qxe2 g6 25. Qf3 Bb4 26. Bg4 Nxf4 27. g3 Ne6 28. Qxf7
Nf8 29. Qb7 Re7 30. Qxc6 Rc7 31. Qb5 Rb8 32. Qa6 Qe8 33. Qf6+ Kg8 34. Nb6 Qb5
35. Be6+ Kh7 36. Nxd5 Qc6 37. Rc1 Qxc1 38. Rxc1 Rxc1+ 39. Kg2 Rb7 40. Qxg5 Rc2+
41. Kh3 Nxe6 42. Qh4+ Kg8 43. Nf6+ Kf7 44. Qh7+ 1-0

[Event "Olimpiade 2022 - Open"]
[Site "Chennai"]
[Date "03.08.2022"]
[Round "6.10"]
[Board "4"]
[White "Kazakouski, Valery"]
[Black "Puranik, Abhimanyu"]
[Result "0-1"]
[WhiteTitle "GM"]
[BlackTitle "GM"]
[WhiteElo "2528"]
[BlackElo "2612"]
[WhiteTeam "Lithuania"]
[BlackTeam "India 3"]
[WhiteFideId "13507443"]
[BlackFideId "5061245"]
[EventDate "2022.07.29"]

1. Nf3 Nf6 2. c4 c5 3. Nc3 e6 4. g3 b6 5. Bg2 Bb7 6. O-O Be7 7. d4 cxd4 8. Qxd4
d6 9. Bg5 a6 10. Bxf6 Bxf6 11. Qf4 O-O 12. Rfd1 Be7 13. Ne4 Bxe4 14. Qxe4 Ra7
15. Rac1 Rc7 16. Rc2 Qc8 17. Rdc1 Rd8 18. b3 Nc6 19. Rd2 h6 20. a4 Nb4 21. Rf1
d5 22. cxd5 Nxd5 23. Ne5 Bf6 24. Nc4 b5 25. axb5 axb5 26. Ne3 Nc3 27. Rxd8+ Qxd8
28. Qc2 Ra7 29. Ng4 Ra2 30. Nxf6+ Qxf6 31. Qd3 Nxe2+ 32. Kh1 Nd4 33. f4 Ra3 34.
Rb1 g6 35. Bf1 Ra2 36. Rd1 e5 37. Qe4 Rb2 38. Bg2 Re2 39. fxe5 Qf2 40. Qa8+ Kg7
41. h3 Re1+ 42. Rxe1 Qxe1+ 43. Kh2 Ne2 0-1